000 00830nam a22002297a 4500
999 _c17965
_d17965
003 OSt
005 20250201062520.0
008 230227b ||||| |||| 00| 0 eng d
040 _c0
082 _aDPer 370.15 J826 January - February 2020 v112 no. 1-2
100 _aRinne, Luke F.
_eauthor.
_947895
245 _aDevelopment of arithmetic fluency :
_ba direct effect of reading fluency /
_cLuke F. Rinne, Ai Ye, and Nancy C. Jordan
260 _aWashington,
_bAmerican Psychological Association,
_cJanuary 2020.
300 _avolume 112, pages 110-130, illustration.
650 _aReading.
_947896
650 0 _aArithmetic.
_922690
650 _aMathematics.
_947897
700 _aRinne, Luke F.
_eauthor.
_947895
700 _aYe, Ai.
_eauthor.
_947898
700 _aJordan, Nancy C.
_eauthor.
_947899
942 _2ddc
_cPER